| 000 | 00386nam a2200145Ia 4500 | ||
|---|---|---|---|
| 008 | 230917s9999||||xx |||||||||||||| ||und|| | ||
| 040 |
_e151775 _aMAIN |
||
| 041 | _aEnglish | ||
| 082 | _a342.7 B33H | ||
| 100 | _aBaxi, Upendra | ||
| 245 | 0 | _aHuman rights in a post-human world: Critical essays | |
| 260 |
_aNew Delhi _bOxford University Press _c209 |
||
| 300 | _a249 p. | ||
| 942 | _cBK | ||
| 999 |
_c154352 _d154352 |
||